000 01278nam1a22003131i 4500
001 v19\rc\2114252
005 20240726004732.0
035 _a(NLR Aleph) 005186993
090 _a5174263
_c5174263
100 _a20090914g18971899|||y0rusy50 ca
101 1 _arus
_cfre
102 _aRU
105 _a z |||||
200 1 _aМикробные болезни животных
_d(Les maladiés microbiennes des animaux, par Ed. Nocard et E. Leclainche)
_eПер. с фр. с добавлениями. Вып. [1]-4
_zfre
210 _cТренке и Фюсно
_d1897-1899
215 _a4 т.
_d23
300 _aПеред загл. авт.: Нокар и Леклэнш
309 _aВып. 2-4 без тит. л.
320 _aБиблиогр. в примеч.
510 0 _a(Les maladiés microbiennes des animaux, par Ed. Nocard et E. Leclainche)
_zfre
700 1 _6z01790
_aНокар
_bЭ.И.
_f1850-1903
_gЭдмон Исидор
701 1 _6z02790
_aЛекленш
_bЭ.
_gЭммануэль
790 1 _6z01700
_aНокар
_bЭ.
_f1850-1903
_gЭдмонд
790 1 _6z02701
_aЛеклэнш
_bЭ.
_gЭммануэль
801 0 _aRU
_bNLR
_gpsbo
801 1 _aRU
_bProSoft-M
_2rusmarc
852 _aNLR
_j18.211.5.62
852 _aNLR
_j2/229н(период.)
942 _cBOOK